000 00190nam a2200109Ia 4500
100 _a#N/A
942 _cBK
654 _amindware
245 _aMindware
260 _b#N/A
546 _aENGLISH
999 _c21585
_d21585